00852cam a22002532 4500001001100000005001700011008004100028020001700069040001500086245007000101250001900171260003900190300000700229500004300236650004100279650003800320650004000358700003300398852001800431908001100449950000600460999001700466952011500483000001321220151217161144.0090625s xx 000 0 eng d a0567065138 : aKABUcKABU10aEncyclopaedia of religion and ethics /cedited by James Hastings. aCorrected ed. aLondon :bT & T Clark,c1926-1976. av. aLibrary has index volume (ix, 757 p. ) 0aReligionsvDictionaries.@0000148245 0aEthicsxDictionaries.@0000170364 0aTheologyvDictionaries.@00001487931 aHastings, James.@00001703651 9p14984.00 KES a090625 @1 c15130d15130 00102lcc71aKABUbKABUd2015-12-17l0oBL31 .E53 1926-1976 c. 1p16229r2015-12-17 00:00:00w2015-12-17yREF